000 00746nam a2200265 i 4500
001 13864
003 ES-MaACL
005 20250822035242.0
007 t|
008 980714s1981 fr ||||1| fre d
020 _a2-7073-0100-0
080 _a316.354
080 _a316.6
100 1 _aLourau, René.
_974324
245 1 2 _aL'analyse institutionnelle /
_cRené Lourau.
260 _aParis :
_bLes Editions de Minuit,
_c1981.
300 _a299 p. ;
_c22 cm.
490 1 _aArguments
650 1 4 _aOrganizaciones.
_915760
650 1 7 _aPsicología social
_2embne
_916573
650 1 7 _aPsicología comunitaria
_2embne
_916557
830 0 _aArguments
_9177474
852 _aES-MaACL
_jL-21224
_bR.113519
999 _c13864
_d13864